| 000 | 00989nam a22003137a 4500 | ||
|---|---|---|---|
| 003 | CHAP | ||
| 005 | 20220329135718.0 | ||
| 008 | 971013s1967 r 00010 d | ||
| 010 | _a40973 | ||
| 011 | _a41945 | ||
| 035 | _a46071 | ||
| 040 | _cCHAP | ||
| 090 | _aFolleto 2026 | ||
| 100 | 0 | 0 |
_aFolquer, Fausto. _942083 |
| 245 | _aEfecto de la heterosis sobre la germinación en equenios de frutilla (Fragaria Sp.) | ||
| 260 |
_aTucumán : _bUniversidad Nacional de Tucumán, Fac. de Agronomía y Zootecnia, _c1967 |
||
| 300 | _a7 p. | ||
| 490 |
_aMiscelánea _v; 21 |
||
| 590 |
_aBATCH-UPD _b10 _c20130110 _lUCH01 _h1818 |
||
| 590 |
_aBATCH-UPD _b10 _c20130410 _lUCH01 _h1152 |
||
| 590 |
_aBATCH-UPD _b10 _c20130914 _lUCH01 _h1434 |
||
| 590 |
_aCONVERSION _b10 _c20130109 _lUCH01 _h1323 |
||
| 650 | 1 | 4 |
_aFragaria. _942847 |
| 650 | 1 | 4 |
_aHeterosis. _955071 |
| 830 | 0 |
_aMiscelánea _v; 21 _976171 |
|
| 901 | _aBK | ||
| 942 | _cFOLL | ||
| 949 |
_aFolleto 2026 _bBC _cFOLL _d-105060 _eTS1 _i46071 _si |
||
| 999 |
_c40973 _d40973 |
||